000 00693nam a2200229 a 4500
001 BRCA_3878
005 20190320204447.0
008 271209s1913----sp-a######---#000-0#spa-#
041 _aspa
044 _asp
050 4 _aF1234
_b.N86 1913
100 1 _aNúñez de Prado, G.
_910095
245 1 0 _aRevolución de México
_bla decena trágica
_cG. Núñez de Prado.
260 _aBarcelona, España : México : F. Granada
_bSalvador Petisme
_c1913
300 _a317 p.
_bil., retratos
_c22 cm.
500 _aC37
651 4 _aMéxico
_xHistoria
_y1910-1946
_94779
651 4 _aMéxico
_xHistoria
_yRevolución, 1910-1917
_910096
740 0 _aDecena trágica
902 _aGFM
942 _2lcc
_cB
999 _c3606
_d3606